000 00297nam a2200133Ia 4500
008 190216s9999||||xx |||||||||||||| ||und||
100 _aJanardhanapillai
245 0 _aAlgebra 2
250 _a1st ed
260 _bAjith Book Center
_c1993
300 _a116
650 _aMathematics
942 _cBK
999 _c31058
_d31058